| 000 | 01294cam a2200337 a 4500 | ||
|---|---|---|---|
| 999 |
_c806 _d806 |
||
| 001 | (Sirsi) a600400 | ||
| 003 | OSt | ||
| 005 | 20191220090623.0 | ||
| 008 | 091221s2009 nyua c 000 1 eng d | ||
| 020 | _a031604086X (hard) : | ||
| 020 | _a9780316040860 (hard) : | ||
| 040 |
_aBTCTA _cBTCTA _dCXP _dTAE |
||
| 041 | 0 | _aeng | |
| 042 | _anbic | ||
| 082 | _aFIC BOS | ||
| 100 | 1 |
_aBosch, Pseudonymous. _eauthor |
|
| 245 | 1 | 0 |
_aThis book is not good for you / _cPseudonymous Bosch ; illustrations by Gilbert Ford. |
| 250 | _a1st ed. | ||
| 260 |
_aNew York : _bLittle, Brown and Co., _cc2009. |
||
| 300 |
_a394 p. : _bill. ; _c20 cm. |
||
| 490 | 0 |
_aSecret series ; _vbk. 3. |
|
| 500 | _aSequel to: If you're reading this, it's too late. | ||
| 520 | _aIn this tooth-rotting adventure, Cass's mom has been kidnapped by the evil dessert chef and chocolatier, Se or Hugo! The ransom...the legendary tuning fork. Can Cass and Max-Ernest find the magical instrument before it's too late? Will they discover the evil secret ingredient to Se or Hugo's chocolate success? | ||
| 521 | 1 | _a9-12. | |
| 650 | 1 |
_aMagic _vFiction. |
|
| 650 | 1 |
_aImmortality _vFiction. |
|
| 650 | 1 |
_aChocolate _vFiction. |
|
| 655 | 0 | _aAdventure fiction. | |
| 700 | 1 |
_aFord, Gilbert, _eillustrator |
|
| 942 |
_2ddc _cFIC |
||